000 00326nam a2200145 a 4500
008 971111s1964||||xx 0 und c
040 _aSNK
_bslo
_cSNK
_eAACR2
100 1 _aLem, Stanislav
245 1 0 _aSolaris
260 _aBratislava
_bOsveta
_c1964
300 _a194 s.
020 _c11
044 _axo
_cSK
041 _aslo
999 _c12101
_d12101